Countries with Free and Universal Health Care - Statistics

General Stats
  • This quiz has been taken 108 times
  • The average score is 76 of 122
Answer Stats
Answer % Correct
United Kingdom
93%
Canada
86%
Russia
84%
Sweden
83%
China
82%
Ireland
82%
Italy
82%
Australia
81%
Finland
81%
France
81%
Japan
81%
Spain
81%
Denmark
80%
Germany
80%
Mexico
80%
Norway
80%
Portugal
78%
Austria
77%
South Korea
77%
Ukraine
77%
Andorra
76%
Slovenia
76%
Turkey
76%
Belgium
75%
Brazil
75%
Estonia
75%
Latvia
75%
New Zealand
75%
Argentina
73%
Greece
73%
Iceland
73%
Netherlands
73%
Poland
73%
San Marino
73%
Saudi Arabia
73%
Bulgaria
72%
Slovakia
72%
Switzerland
72%
United Arab Emirates
72%
Venezuela
72%
Albania
71%
Chile
71%
Oman
71%
Colombia
70%
Cuba
70%
Israel
70%
Lithuania
70%
Paraguay
70%
Romania
70%
Singapore
70%
Belarus
69%
Croatia
69%
Hungary
69%
Iran
69%
Malaysia
69%
North Korea
69%
Serbia
69%
Uruguay
69%
Bolivia
67%
Bosnia and Herzegovina
67%
Ecuador
67%
Monaco
67%
Panama
67%
Bahrain
66%
Jamaica
66%
Luxembourg
66%
Malta
66%
Peru
66%
Qatar
66%
Costa Rica
65%
Georgia
65%
Guyana
65%
Cyprus
64%
Moldova
64%
Thailand
64%
Kuwait
63%
Algeria
61%
Pakistan
61%
Taiwan
61%
Fiji
60%
Tonga
60%
Antigua and Barbuda
59%
Bahamas
59%
Barbados
59%
Montenegro
59%
Saint Lucia
59%
Tunisia
59%
Macedonia
58%
Trinidad and Tobago
58%
Brunei
57%
Kazakhstan
57%
Maldives
57%
Uzbekistan
57%
Bhutan
55%
Czech Republic
55%
Sri Lanka
55%
Liechtenstein
54%
Nauru
54%
Saint Vincent and the Grenadines
54%
Tuvalu
54%
Kiribati
53%
Palau
53%
Vanuatu
52%
Samoa
51%
Seychelles
51%
Lesotho
47%
Mauritius
47%
Timor-Leste
47%
Zambia
47%
Rwanda
43%
Botswana
42%
Namibia
42%
Eritrea
41%
Gabon
34%
Burkina Faso
22%
Hong Kong
11%
Macau
8%
Cook Islands
6%
Jersey
6%
Guernsey
5%
Isle of Man
5%
Niue
5%
No matching quizzes found
Score Distribution
Percent of People with Each Score
Percentile by Number Answered
Your Score History
You have not taken this quiz